In the public interest : accounting and financial reporting : selected addresses and articles, 1961-1974 /

Bibliographic Details
Main Author: Kapnick, Harvey, 1925-
Corporate Author: Arthur Andersen & Co
Format: Book
Language:English
Published: [Chicago] : [A. Andersen], [1974-]
Subjects:

MARC

Tag First Indicator Second Indicator Subfields
LEADER 00000cam a2200000 i 4500
001 in00000211804
005 20151009060339.0
008 750310m19749999ilua b 00010 eng
010 |a  74075126  
035 |a (OCoLC)01142248 
035 |9 AAX3330AM 
040 |a DLC  |c DLC  |d TXA  |d UtOrBLW 
049 |a TXAM  |v 1 [1339769] 
050 0 0 |a HF5629  |b .K37 
082 0 |a 657/.3 
100 1 |a Kapnick, Harvey,  |d 1925- 
245 1 0 |a In the public interest :  |b accounting and financial reporting : selected addresses and articles, 1961-1974 /  |c by Harvey Kapnick. 
264 1 |a [Chicago] :  |b [A. Andersen],  |c [1974-] 
300 |a  volumes :  |b color illustrations ;  |c 27 cm. 
336 |a text  |b txt  |2 rdacontent 
337 |a unmediated  |b n  |2 rdamedia 
338 |a volume  |b nc  |2 rdacarrier 
504 |a Includes bibliographical references. 
650 0 |a Accounting. 
650 0 |a Financial statements. 
710 2 |a Arthur Andersen & Co. 
740 0 |a Accounting and financial reporting. 
999 |a MARS 
999 f f |s c9688377-08cd-3b8c-ac52-c683f99d4dc7  |i 50bb7ed3-d462-3118-8620-84a86d293baf  |t 0 
952 f f |p ric  |a Texas A&M University  |b Rellis Campus  |c Joint Library Facility  |d Remote Storage  |t 0  |e HF5629 .K37  |h Library of Congress classification  |i unmediated -- volume  |k v.1  |m A14802831470 
998 f f |a HF5629 .K37  |s v.1  |t 0  |l Remote Storage